000 00393nam a2200157Ia 4500
008 240126s9999 xx 000 0 und d
041 _aEnglish
082 _a647.94 AND;1 R
100 _aAndrews, Sudhir.
245 0 _aHotel housekeeping: a training manual
250 _a3rd ed.
260 _bMcgraw Hill Education
_aNew Delhi
300 _axxxi, 334
440 _aNULL
942 _cPU
999 _c276128
_d276128